Allgemeinwissen (alles) - Statistiken

Allgemein
  • Dieses Quiz wurde 435 mal gespielt
  • Das Durchschnittsergebnis liegt bei 10 aus 15
Antwortstatistiken
Hint Antwort % Korrekt
Welches Land wird mit Pyramiden identifiziert? Ägypten
99%
Was ist das größte Bundesland in Deutschland? Bayern
97%
Zu welchem Sport gehört NBA? Basketball
92%
Welches Tier ist auf dem Wappen von Berlin? Bär
90%
Welches Land beginnt mit dem Anfangsbuchstaben Z? Zypern
89%
Was ist das größte Tier der Welt? Blauwal
88%
Was ist das kleinste Bundesland in Deutschland? Bremen
84%
Wie heißt der Basketballverein weiter ''Chicago..... Bulls
72%
Welcher Fußballverein wird als die Königlichen bezeichnet? Real Madrid
72%
Wie nennt man den grünen Fleischfressenden Dinosaurier? T-Rex
53%
Welcher Fußballspieler hat bei Real Madrid die Rückennummer 9? Benzema
50%
Welche Flagge hat eine Sonne in der Mitte Argentinien
49%
Welches Tier ist grau und langsam? Faultier
44%
Wie nennt man einen Prozessor noch? CPU
32%
Was sind Primzahlen? Zahlen die durch 1 und durch sich selbst teilbar sind
0%
Keine übereinstimmenden Quizze gefunden
Verteilung der Resultate
Anzahl Personen mit jedem Resultat
Perzentil nach korrekt beantworteten Fragen
Ihre Resultats-Entwicklung
Sie haben dieses Quiz noch nicht gespielt